000 00713nam a2200241Ia 4500
003 OSt
005 20220923212026.0
006 a|||||r|||| 00| 0
007 ta
008 220922b |||||||| |||| 00| 0 hin d
024 _a149,983
037 _cTextual
040 _aARTS
_cARTS
_bhin
041 _2hin
_ahin
082 _aw2,N1, 152M0
100 _aमाचवे, प्रभाकर
_9156279
245 0 _aशब्द रेखा
246 _aShabda rekhā
260 _aदिल्ली
_b विभूजित प्रकाशन
_c1980
300 _a113p
_ccm.
942 _hw2,N1, 152M0
_cTEXL
_2CC
999 _c305663
_d305663